000 00506 a2200181 4500
999 _c41810
_d41810
003 OSt
005 20221114112122.0
008 221114b ||||| |||| 00| 0 eng d
020 _a9789390385843
040 _coclc
082 _a621.58
_bARO/R
100 _99298
_aArora, C P
245 _aRefrigeration and air conditioning /
_cC P Arora
250 _a4th ed.
260 _aNew Delhi:
_bMc grawhill,
_c2021.
300 _a915 p
942 _2ddc
_cBK
_h621.56
_iARO/R
_k621.56
_mARO/R